00500nam a22001937a 450000500170000001000130001702000100003003500130004003700160005304000120006908200160008110000190009724500540011626000310017027000440020130000230024565000220026865000160029020170124105947.0 aA-708573 c00.00 aA-708573 bCen Lib/Ret aDPLbEN a332.63bYOU aYoung, Fred J. aHow to get rich and stay rich /cby Fred J. Young aBombaybTaraporevalac1993 bBombaya210 DR. D. Naoroji Roade400001 axi,175p.c20cm(Hb) aFinance, Personal aInvestments